000 01064cam a22003257a 4500
003 CHAP
005 20220817041027.0
008 971013s1987 r 00010 d
010 _a4876
011 _a5848
035 _a5064
040 _cCHAP
090 _aFolleto 12507
110 1 _aUACH. Dirección Académica
_9115913
245 1 0 _aProyecto de reglamento académico para la Universidad Autónoma Chapingo
260 _aChapingo, Méx. :
_bUACH,
_c1987
300 _a71 p.
590 _aBATCH-UPD
_b10
_c20130110
_lUCH01
_h1922
590 _aBATCH-UPD
_b10
_c20130410
_lUCH01
_h1248
590 _aBATCH-UPD
_b10
_c20130914
_lUCH01
_h1244
590 _aCONVERSION
_b10
_c20130109
_lUCH01
_h1304
650 1 4 _aEducación superior.
650 1 4 _aEscuelas agrícolas
_xMéxico.
_937645
650 1 4 _aUniversidades
_xMéxico.
_9116657
901 _aBK
942 _cFOLL
949 _aFolleto 12507
_bBC
_cFOLL
_d-66944
_eTS2
_fc.2
_i5064
_si
949 _aFolleto 12507
_bBC
_cFOLL
_d-66945
_eTS2
_fc.3
_i5064
_sm
949 _aFolleto 12507
_bBC
_cUACH
_d-14631
_eUACH
_i5064
_si
999 _c4876
_d4876